Online
Catalog

El coche no. 13 / (Record no. 20746)

MARC details
000 -CABECERA
campo de control de longitud fija 00607nam a2200193 a 4500
001 - NÚMERO DE CONTROL
campo de control 000021245
005 - FECHA Y HORA DE LA ÚLTIMA TRANSACCIÓN
campo de control 20200930011254.0
008 - DATOS DE LONGITUD FIJA--INFORMACIÓN GENERAL
campo de control de longitud fija 100902s1972 sp 000 f spa d
040 ## - FUENTE DE LA CATALOGACIÓN
Centro catalogador/agencia de origen DO-SdBNP
Lengua de catalogación spa
Centro/agencia transcriptor BNPHU
082 ## - NÚMERO DE LA CLASIFICACIÓN DECIMAL DEWEY
Número de clasificación 843.8
Número de documento/Ítem M777c
100 1# - ENTRADA PRINCIPAL--NOMBRE DE PERSONA
Nombre de persona Montepin, Xavier de,
Fechas asociadas al nombre 1823-1902.
9 (RLIN) 44407
245 10 - MENCIÓN DE TÍTULO
Título El coche no. 13 /
Mención de responsabilidad, etc. Xavier de Montepin.
260 ## - PUBLICACIÓN, DISTRIBUCIÓN, ETC.
Lugar de publicación, distribución, etc. Barcelona, España :
Nombre del editor, distribuidor, etc. Ramón Sopena,
Fecha de publicación, distribución, etc. 1972.
300 ## - DESCRIPCIÓN FÍSICA
Extensión 760 p. ;
Dimensiones 18 cm.
490 1# - MENCIÓN DE SERIE
Mención de serie Biblioteca sopena
Designación de volumen o secuencia 11-2
650 #4 - PUNTO DE ACCESO ADICIONAL DE MATERIA--TÉRMINO DE MATERIA
Término de materia o nombre geográfico como elemento de entrada Novela francesa
9 (RLIN) 1075
650 #4 - PUNTO DE ACCESO ADICIONAL DE MATERIA--TÉRMINO DE MATERIA
Término de materia o nombre geográfico como elemento de entrada Literatura francesa
Subdivisión cronológica SIGLO XIX
9 (RLIN) 5031
830 #0 - PUNTO DE ACCESO ADICIONAL DE SERIE-TÍTULO UNIFORME
Título uniforme Biblioteca sopena
Designación de volumen o secuencia 11-2
9 (RLIN) 12815
Holdings
Estado de retiro Estado de pérdida Restricciones de uso No para préstamo Código de colección Localización permanente Ubicación/localización actual Ubicación en estantería Fecha de adquisición Número de inventario Total de préstamos Signatura topográfica completa Código de barras Fecha visto por última vez Precio válido a partir de Tipo de ítem Koha Número de copia
      Excluido de préstamo Monografías: Libros y Folletos General General Depósito 02.09.2010 LF1   843.8 M777c 21245-10 25.06.2020 25.06.2020 No se presta  
      Excluido de préstamo Monografías: Libros y Folletos General General Depósito 02.09.2010 LF1   843.8 M777c 21245-20 25.06.2020 25.06.2020 No se presta e. 2
  Extraviado     Monografías: Libros y Folletos General General Extraviado 02.06.2017 LF1   843.8 M777c 21245-30 25.06.2020 25.06.2020 Préstamo en sala e. 3

Powered by Koha